000 00331nam a22001457a 4500
008 210429b ||||| |||| 00| 0 eng d
020 _a9780471488859
041 _aeng
080 _29th
_a510
082 _a510
100 _a38
101 _aMAT
245 _aAdvanced Engineering Mathematics
_cErwin Kreyszig
942 _2udc
_cBK
999 _c57005
_d57005